000 00929nam a2200205Ia 4500
008 0000001983 usa 0000000000eng00
090 _aPUS00 G66r
100 1 _aGoodyear, Frank H.
245 1 3 _aEl realismo norteamericano contemporáneo desde 1960
_c/ Frank H. Goodyear ; fotografías Will Brown ... [et al.].
300 _a64 p.
_c/ 27 cm.
500 _aExposición realizada en el Ministerio de Cultura, Dirección General de Bellas Artes, Archivos y Bibliotecas, Madrid, Noviembre 17, 1982 Enero 8, 1983 \ Con el patronazgo del maestro venezolano Jesús Rafael Soto (q.e.p.d.)
650 1 4 _aARTE CONTEMPORANEO ESTADOUNIDENSE
650 1 4 _xCATALOGOS
650 1 4 _xEXPOSICIONES
650 1 4 _aPINTORES ESTADOUNIDENSES
650 1 4 _aPINTURA ESTADOUNIDENSE
650 1 4 _aREALISMO (ARTE) ESTADOS UNIDOS
700 1 _aBrown, Will
999 _c1658
_d1658
260 _aFiladelfia : Pennsylvania Academy of the Fine Arts
_c1983